Top 25 Football Films (IMDB) - Statistics

General Stats
  • This quiz has been taken 56 times
    11 since last reset
  • The average score is 4 of 27
Answer Stats
Film Year IMDB % Correct
The Longest Yard 1974 7.1
70%
Remember the Titans 2000 7.8
60%
Any Given Sunday 1999 6.9
50%
Friday Night Lights 2004 7.2
40%
The Blind Side 2009 7.6
40%
Rudy 1993 7.5
30%
American Underdog 2021 7.1
20%
Brian's Song 1971 7.5
20%
North Dallas Forty 1979 6.9
20%
The Express: The Ernie Davis Story 2004 7.2
20%
Concussion 2015 7.1
10%
Heaven Can Wait 1978 6.9
10%
Invincible 2006 7.0
10%
Jerry Maguire 1996 7.3
10%
Radio 2003 6.9
10%
School Ties 1992 6.9
10%
We Are Marshall 2006 7.1
10%
12 Mighty Orphans 2021 6.9
0%
Greater 2016 7.3
0%
Gridiron Gang 2006 6.9
0%
Horse Feathers 1932 7.5
0%
How to Play Football 1944 7.0
0%
Jim Thorpe - All-American 1951 6.9
0%
My All-American 2015 7.2
0%
The Freshman 1925 7.5
0%
The Last Boy Scout 1991 7.0
0%
Three Little Pigskins 1934 7.4
0%
No matching quizzes found
Score Distribution
Percent of People with Each Score
Percentile by Number Answered
Your Score History
You have not taken this quiz since the last reset